000 00537nam a2200181Ia 4500
005 20260120124529.0
008 008 260114s9999 xx 000 0 eng d
020 _a9781785603259
037 _aEBOOK
040 _aCRL
_beng
_cCRL
041 _aeng
_2eng
084 _qCRL
245 0 _aE-Services Adoption: Processes by Firms in Developing Nations
260 _bEmerald Publishing
_c2015
856 _uhttps://www.emerald.com/insight/publication/doi/10.1108/S1069-0964201523A
942 _cEBOOK
999 _c1499269
_d1499269